| 000 | 01873cam a2200445 c 4500 | ||
|---|---|---|---|
| 001 | 768714001 | ||
| 003 | SpMaBN | ||
| 005 | 20211016125214.0 | ||
| 008 | 110524t2011 sp | |||| 001 0 spa | ||
| 017 |
_aM 5981-2011 _bOficina Depósito Legal Madrid |
||
| 020 |
_a9788422015222 _qobra completa _z978-220-1522-2 _qobra completa |
||
| 020 |
_a9788422014980 _qv. 1 |
||
| 040 |
_aSpMaBN _bspa _cCO-MdFUSB _erdc _dCO-MdFUSBC |
||
| 041 | 1 |
_aspa _hlat |
|
| 080 | _a272-285.2(02)"03" | ||
| 082 |
_224 _aR 270.1 _bEU91p |
||
| 100 | 0 |
_aEusebio de Cesarea _dc.d. 260 - 340 _eautor |
|
| 240 | 1 | 0 | _aPraeparatio evangelica |
| 245 | 1 | 0 |
_aPreparación evangélica _c/ Eusebio de Cesarea : introducción general de Jesús-Ma. Nieto Ibáñez ; traducción y notas de : Vicente Bécares Botas y Jesús-Ma Nieto Ibáñez |
| 264 | 1 |
_aMadrid _bBiblioteca de Autores Cristianos _c[2011] |
|
| 264 | 4 | _c© 2011 | |
| 300 |
_aVolumen 1, 335 páginas. ; _c20 cm |
||
| 336 |
_2rdacontent _atexto _btxt |
||
| 337 |
_2rdamedia _asin mediación _bn |
||
| 338 |
_2rdacarrier _avolumen _bnc |
||
| 490 | _aBiblioteca de Autores Cristianos | ||
| 504 | _aIncluye referencias bibliográficas e índice | ||
| 505 | _a1. Libros I-IV (LXXVIII, 335 p.) / introducción general, Jesús-Mª Nieto Ibáñez ; traducción y notas, Vicente Bécares Botas, Jesús-Mª Nieto Ibáñez | ||
| 563 | _apasta dura | ||
| 653 | _aApologética | ||
| 700 | 1 |
_aBécares Botas, Vicente _eeditor literario _etraductor _9809 |
|
| 700 | 1 |
_aNieto Ibáñez, Jesús María _eeditor literario _etraductor _9810 |
|
| 830 | _v697 | ||
| 942 | _cREF | ||
| 945 | _aEstudiante | ||
| 956 | _a1 2 | ||
| 980 |
_a978-84-220-1522-2 _qobra completa _a978-84-220-1498-0 _qv. 1 _aEncuadernación en cartoné _aSpMaBN _bBNALCALA _jAHMO/605728 _cSG_PETANTI _81 _av. _81.1 _a1 _80 _av. 1 |
||
| 999 |
_c63837 _d63837 |
||